Benedict XVI (Record no. 144098)
[ view plain ]
| 000 -LEADER | |
|---|---|
| fixed length control field | 01808nam a22003974a 4500 |
| 082 04 - DEWEY DECIMAL CLASSIFICATION NUMBER | |
| Classification number | 230/.2092 |
| 100 1# - MAIN ENTRY--AUTHOR NAME | |
| Personal name | Rowland, Tracey, |
| 245 10 - TITLE STATEMENT | |
| Title | Benedict XVI |
| 260 ## - PUBLICATION, DISTRIBUTION, ETC. (IMPRINT) | |
| Place of publication | London ; |
| -- | New York : |
| Name of publisher | T & T Clark, |
| Year of publication | 2010. |
| 300 ## - PHYSICAL DESCRIPTION | |
| Number of Pages | x, 202 p. |
| 490 1# - SERIES STATEMENT | |
| Series statement | Guides for the perplexed |
| 520 ## - SUMMARY, ETC. | |
| Summary, etc | "This guide introduces students of theology to the theoretical axes upon which the theology of Benedict XVI revolves. It begins with a presentation of the key ideas in the works of his intellectual antecedents and contemporary interlocutors and then moves to an account of Benedict's responses to a number of theological crises."--P. [4], cover. |
| 856 40 - ELECTRONIC LOCATION AND ACCESS | |
| Uniform Resource Identifier | http://site.ebrary.com/lib/rucke/Doc?id=10427101 |
No items available.
